000 00319nam a2200133Ia 4500
005 20260326235448.0
008 260326s9999||||xx |||||||||||||| ||und||
100 _aWard, Barbara
245 4 _aThe Home of man /
_cBarbara Ward
260 _bMcClelland
300 _a297 p.
650 _aARQUITECTURA-GENERAL
942 _cBK
999 _c7658
_d7658